| 000 | 00857nam a22002417a 4500 | ||
|---|---|---|---|
| 999 |
_c12644 _d12644 |
||
| 003 | AR-CdUCM | ||
| 008 | 190409b ||||| |||| 00| 0 spa d | ||
| 040 |
_aMUNICIPALIDAD PROVINCIAL DEL CUSCO _cBIBLIOTECA MUNICIPAL DEL CUSCO |
||
| 082 |
_a082 / _bM74 |
||
| 100 |
_aMoliére _917546 |
||
| 245 |
_aObras Inmortales : _bLas Preciosas Ridículas / |
||
| 260 |
_aMadrid : _bE.D.A.F., _c1964. |
||
| 300 |
_a1588 paginas ; _c17 cm. _bIlustraciones, |
||
| 440 |
_aColección Obras Inmortales _930580 |
||
| 505 | _aContenido : La escuela de los maridos -- El casamiento forzoso -- El amor medico -- El medico a palos -- Anfitrión... | ||
| 650 |
_aCuentos _9312 |
||
| 650 |
_aBiografías _9148 |
||
| 650 |
_aNarraciones _9930 |
||
| 650 |
_aComedia _92607 |
||
| 700 |
_aAzcoaga, Enrique (Traductor) _930589 |
||
| 942 |
_2ddc _cLIBROS |
||
| 945 |
_awnts _d2019-04-09 |
||